[Event "South Wales op 17th"]
[Site "Bridgend"]
[Date "2022.07.11"]
[Round "8"]
[White "Harding, Gareth"]
[Black "Fowler, Caspian"]
[Result "0-1"]
[WhiteElo "1808"]
[BlackElo "1483"]
[PlyCount "98"]
[EventDate "2022.07.07"]
[EventType "swiss"]
[EventRounds "9"]
[EventCountry "WLS"]
[SourceTitle "CBM 209 Extra"]
[Source "ChessBase"]
[SourceDate "2022.09.30"]
[SourceVersion "1"]
[SourceVersionDate "2022.09.30"]
[SourceQuality "1"]

1. d4 Nf6 2. Nf3 g6 3. Bg5 Ne4 4. Bf4 Bg7 5. e3 d5 6. Nbd2 c5 7. c3 cxd4 8. exd4 Nxd2 9. Qxd2 Nc6 10. Bh6 0-0 11. h4 Bf5 12. Qf4 e5 13. dxe5 Nxe5 14. Bxg7 Nxf3+ 15. gxf3 Kxg7 16. Qd4+ Qf6 17. Qxf6+ Kxf6 18. Kd2 Rfe8 19. Bb5 Re5 20. Rhe1 d4 21. Rxe5 dxc3+ 22. bxc3 Kxe5 23. Ke3 Rc8 24. f4+ Kf6 25. Rc1 Rc5 26. Bd3 Ra5 27. Rc2 Bxd3 28. Kxd3 Kf5 29. f3 Kxf4 30. Ke2 Re5+ 31. Kf2 Re3 32. Kg2 Rxf3 33. Rb2 b6 34. Rb4+ Ke3 35. c4 Rf2+ 36. Kg3 Rxa2 37. Rb3+ Kd4 38. Rf3 f5 39. Rf4+ Kc5 40. h5 gxh5 41. Kh4 Rc2 42. Rxf5+ Kxc4 43. Rf4+ Kb5 44. Kxh5 a5 45. Kh6 a4 46. Rf3 Kb4 47. Rf6 b5 48. Ra6 a3 49. Kxh7 a2 0-1

[Event "Cardiff Welsh op"]
[Site "Cardiff"]
[Date "2022.04.16"]
[Round "4"]
[White "Harding, Gareth"]
[Black "Havard, Gwyn"]
[Result "0-1"]
[WhiteElo "1829"]
[BlackElo "1916"]
[PlyCount "68"]
[EventDate "2022.04.15"]
[EventType "swiss"]
[EventRounds "7"]
[EventCountry "WLS"]
[SourceTitle "CBM 207 Extra"]
[Source "ChessBase"]
[SourceDate "2022.05.31"]
[SourceVersion "1"]
[SourceVersionDate "2022.05.31"]
[SourceQuality "1"]

1. d4 Nf6 2. Nc3 d5 3. Bf4 Bf5 4. e3 e6 5. a3 Bd6 6. Bxd6 Qxd6 7. Bd3 Nbd7 8. Bxf5 exf5 9. Nge2 0-0-0 10. Qd3 g6 11. a4 a6 12. a5 Rhe8 13. b4 Qxb4 14. Ra4 Qe7 15. 0-0 c5 16. Rb1 c4 17. Rxc4+ dxc4 18. Qxc4+ Nc5 19. dxc5 Ne4 20. c6 Nd2 21. cxb7+ Kb8 22. Qxa6 Nxb1 23. Qa8+ Kc7 24. b8Q+ Rxb8 25. Qa7+ Kc8 26. Qa6+ Qb7 27. Qc4+ Qc7 28. Qa6+ Kd8 29. Qf6+ Kc8 30. Qa6+ Rb7 31. Nb5 Qd7 32. Nbd4 Re6 33. Qa8+ Rb8 34. Qf3 Nd2 0-1

[Event "Dyfed op 49th"]
[Site "Fishguard"]
[Date "2020.02.15"]
[Round "3"]
[White "Jones, Iolo Cerredig"]
[Black "Harding, Gareth"]
[Result "0-1"]
[WhiteElo "2163"]
[BlackElo "1557"]
[PlyCount "109"]
[EventDate "2020.02.14"]
[EventType "swiss"]
[EventRounds "5"]
[EventCountry "WLS"]
[SourceTitle "EXT 2022"]
[Source "ChessBase"]
[SourceDate "2021.10.06"]
[SourceVersion "1"]
[SourceVersionDate "2021.10.06"]
[SourceQuality "1"]

1. d4 e6 2. Nf3 d5 3. c4 Nf6 4. Nc3 Be7 5. Bf4 0-0 6. e3 c6 7. Bd3 Nbd7 8. h3 dxc4 9. Bxc4 Nb6 10. Be2 Nbd5 11. Nxd5 exd5 12. 0-0 h6 13. Ne5 Be6 14. Rc1 a5 15. Qb3 Bc8 16. Bd3 a4 17. Qd1 Qb6 18. Qe2 Be6 19. Bb1 Rad8 20. Nd3 a3 21. b3 Bf5 22. f3 Rfe8 23. Qd2 Bf8 24. Bg3 Be7 25. Bf2 Qc7 26. Bc2 Bd6 27. Ne1 Bxc2 28. Nxc2 Qe7 29. Qe1 g5 30. Bg3 Nh5 31. Bxd6 Qxd6 32. Qd2 Rd7 33. Rfe1 Rde7 34. b4 Ra8 35. Rb1 f5 36. Qd3 f4 37. e4 dxe4 38. Rxe4 Rxe4 39. Qxe4 Ng3 40. Qd3 Re8 41. Nxa3 Qxd4+ 42. Qxd4 Ne2+ 43. Kf1 Nxd4 44. Rd1 Nf5 45. Nc4 Ng3+ 46. Kg1 Re2 47. a4 Re7 48. a5 Kf7 49. Nd6+ Ke6 50. Nc8 Rd7 51. Re1+ Kf7 52. Nb6 Re7 53. Rd1 Ke6 54. Kf2 Kf7 55. Rd7 0-1

[Event "South Wales New Year Major"]
[Site "Bridgend"]
[Date "2020.01.05"]
[Round "5"]
[White "Teague, David"]
[Black "Harding, Gareth"]
[Result "1-0"]
[WhiteElo "1742"]
[BlackElo "1557"]
[PlyCount "55"]
[EventDate "2020.01.03"]
[EventType "swiss"]
[EventRounds "5"]
[EventCountry "WLS"]
[SourceTitle "EXT 2022"]
[Source "ChessBase"]
[SourceDate "2021.10.06"]
[SourceVersion "1"]
[SourceVersionDate "2021.10.06"]
[SourceQuality "1"]

1. e4 e6 2. d3 d5 3. Nd2 c5 4. Ngf3 Nc6 5. g3 Nge7 6. Bg2 Ng6 7. 0-0 d4 8. Re1 e5 9. Nf1 Bd6 10. Bd2 0-0 11. h4 Qc7 12. h5 Nge7 13. h6 g6 14. Nh4 f5 15. exf5 Nxf5 16. Bd5+ Kh8 17. Nxf5 Bxf5 18. g4 Bc8 19. Ng3 Qe7 20. Ne4 Bc7 21. Bg5 Qd7 22. Bf6+ Rxf6 23. Nxf6 Qd6 24. Ne8 Qe7 25. Nxc7 Qxc7 26. Qf3 Qd6 27. Bxc6 bxc6 28. Qf7 1-0

[Event "South Wales Challengers"]
[Site "Bridgend"]
[Date "2019.07.11"]
[Round "6"]
[White "Davies, Gareth"]
[Black "Harding, Gareth"]
[Result "1/2-1/2"]
[WhiteElo "1305"]
[BlackElo "1557"]
[PlyCount "75"]
[EventDate "2019.07.07"]
[EventType "swiss"]
[EventRounds "6"]
[EventCountry "WLS"]
[SourceTitle "EXT 2020"]
[Source "ChessBase"]
[SourceDate "2019.10.17"]
[SourceVersion "1"]
[SourceVersionDate "2019.10.17"]
[SourceQuality "1"]

1. d4 d5 2. Bg5 f6 3. Bf4 g5 4. Bg3 h5 5. h4 g4 6. e3 Nh6 7. Bd3 Nf5 8. Ne2 Nc6 9. c3 e5 10. Qc2 e4 11. Bb5 a6 12. Ba4 b5 13. Bb3 Na5 14. Nd2 c6 15. Bf4 Bd6 16. g3 Ne7 17. Bxd6 Qxd6 18. Nf4 Bf5 19. 0-0 Ng6 20. Nxg6 Bxg6 21. Rfe1 f5 22. Nf1 Rf8 23. a3 Kf7 24. Ba2 Kg7 25. b4 Nb7 26. Qd2 a5 27. Bb3 Ra7 28. Qb2 Rfa8 29. Bc2 Nd8 30. Red1 Ne6 31. Bb3 Qe7 32. Qd2 axb4 33. cxb4 Rxa3 34. Rxa3 Rxa3 35. Bc2 Ra2 36. Rb1 Nf8 37. Qc3 Be8 38. Bd1 1/2-1/2